Možnosti outsourcingu vybraných podnikových činností

Hlavné dôvody využívania outsourcingových služieb. Outsourcing ako dohoda. Základné predpoklady úspečnosti outsourcingu. Typy, výhody a nevýhody outsourcingu. Priebeh implementácie outsourcingu do praxe. Fázy zavádzania.

Salvato in:
Dettagli Bibliografici
Autore principale: Pomffyová, Mária
Altri autori: Jarembeková, Jana
Natura: Capitolo di libro
Lingua:slovacco
Soggetti:
Tags: Aggiungi Tag
Nessun Tag, puoi essere il primo ad aggiungerne!!

MARC

LEADER 00000naa$a2200000$$$4500
001 0066624
005 20230929122007.2
041 0 |a slo 
044 |a SK 
245 1 0 |a Možnosti outsourcingu vybraných podnikových činností  |c Mária Pomffyová, Jana Jarembeková 
520 |a Hlavné dôvody využívania outsourcingových služieb. Outsourcing ako dohoda. Základné predpoklady úspečnosti outsourcingu. Typy, výhody a nevýhody outsourcingu. Priebeh implementácie outsourcingu do praxe. Fázy zavádzania. 
610 2 0 |a znižovanie nákladov 
610 2 0 |a podnik 
610 2 0 |a ciele podnikové 
610 2 0 |a outsourcing 
100 1 |a Pomffyová, Mária 
700 1 |a Jarembeková, Jana